Normal view MARC view

Entry Personal Name

Number of records used in: 1

001 - CONTROL NUMBER

  • control field: 9284

003 - CONTROL NUMBER IDENTIFIER

  • control field: DLC

005 - DATE AND TIME OF LATEST TRANSACTION

  • control field: 20221109104229.0

008 - FIXED-LENGTH DATA ELEMENTS

  • fixed length control field: 030102n| azannaabn |n aaa

010 ## - LIBRARY OF CONGRESS CONTROL NUMBER

  • LC control number: n 2003001601

035 ## - SYSTEM CONTROL NUMBER

  • System control number: (OCoLC)oca05942870

040 ## - CATALOGING SOURCE

  • Original cataloging agency: DLC
  • Language of cataloging: eng
  • Description conventions: rda
  • Transcribing agency: DLC
  • Modifying agency: DNLM

100 1# - HEADING--PERSONAL NAME

  • Personal name: Grotewold, Erich

670 ## - SOURCE DATA FOUND

  • Source citation: Plant functional genomics, 2003:
  • Information found: t.p. (Erich Grotewold; Dept. of Plant Biology and Plant Biotechnology Center, Ohio State Univ., Columbus)

Powered by Koha